[Event "Titled Tuesday intern op 23rd Jan Early"]
[Site "Chess.com INT"]
[Date "2024.01.23"]
[Round "1"]
[White "Fudalej, Michal"]
[Black "Chor, Kevin"]
[Result "0-1"]
[WhiteElo "2188"]
[BlackElo "1944"]
[PlyCount "56"]
[EventDate "2024.01.23"]
[EventType "swiss (blitz)"]
[EventRounds "11"]
[EventCountry "USA"]
[SourceTitle "EXT 2025"]
[Source "ChessBase"]
[SourceDate "2024.10.14"]
[SourceVersion "1"]
[SourceVersionDate "2024.10.14"]
[SourceQuality "1"]

1. Nf3 Nf6 2. g3 g6 3. Bg2 Bg7 4. c4 0-0 5. Nc3 d6 6. 0-0 Nc6 7. Rb1 a5 8. a3 Bf5 9. d3 e5 10. b4 axb4 11. axb4 e4 12. Nh4 exd3 13. Nxf5 dxe2 14. Qxe2 gxf5 15. Bg5 h6 16. Be3 Re8 17. Qc2 Qd7 18. Nd5 Ng4 19. Rfe1 Nd4 20. Qd2 Nxe3 21. Rxe3 Rxe3 22. Qxe3 Re8 23. Qd3 Ne2+ 24. Kh1 c6 25. Ne3 Nc3 26. Rb3 Ne4 27. b5 Nxf2+ 28. Kg1 Nxd3 0-1

[Event "Titled Tuesday intern op 23rd Jan Early"]
[Site "Chess.com INT"]
[Date "2024.01.23"]
[Round "6"]
[White "Fudalej, Michal"]
[Black "Vakhidov, Shahzod"]
[Result "0-1"]
[WhiteElo "2188"]
[BlackElo "2312"]
[PlyCount "86"]
[EventDate "2024.01.23"]
[EventType "swiss (blitz)"]
[EventRounds "11"]
[EventCountry "USA"]
[SourceTitle "EXT 2025"]
[Source "ChessBase"]
[SourceDate "2024.10.14"]
[SourceVersion "1"]
[SourceVersionDate "2024.10.14"]
[SourceQuality "1"]

1. Nf3 Nf6 2. g3 g6 3. Bg2 Bg7 4. c4 d6 5. Nc3 0-0 6. 0-0 c5 7. d4 cxd4 8. Nxd4 Nc6 9. Nxc6 bxc6 10. Bxc6 Bh3 11. Bg2 Bxg2 12. Kxg2 Rc8 13. Qd3 Qc7 14. Be3 Qb7+ 15. Kg1 Rfd8 16. Rac1 a6 17. b3 Qd7 18. Nd5 Qh3 19. Nxf6+ Bxf6 20. Bd4 Bxd4 21. Qxd4 Rc5 22. f3 h5 23. e4 a5 24. Rfd1 h4 25. Qf2 hxg3 26. hxg3 Rg5 27. g4 f5 28. exf5 gxf5 29. Qe3 Rg7 30. Qe6+ Rf7 31. Rd2 fxg4 32. Rg2 Qxf3 33. Rxg4+ Kf8 34. Re1 Qf2+ 35. Kh1 Qf6 36. Qxf6 Rxf6 37. Rg5 Ra8 38. Rb5 a4 39. b4 Rc8 40. c5 Rf5 41. Rc1 Kf7 42. Ra5 Rg5 43. Rxa4 Rh8# 0-1

[Event "Titled Tuesday intern op 23rd Jan Early"]
[Site "Chess.com INT"]
[Date "2024.01.23"]
[Round "7"]
[White "Shapiro, Viktor"]
[Black "Fudalej, Michal"]
[Result "1-0"]
[WhiteElo "2113"]
[BlackElo "2188"]
[PlyCount "61"]
[EventDate "2024.01.23"]
[EventType "swiss (blitz)"]
[EventRounds "11"]
[EventCountry "USA"]
[SourceTitle "EXT 2025"]
[Source "ChessBase"]
[SourceDate "2024.10.14"]
[SourceVersion "1"]
[SourceVersionDate "2024.10.14"]
[SourceQuality "1"]

1. c4 g6 2. Nf3 Bg7 3. d4 Nf6 4. Nc3 d6 5. Bg5 0-0 6. e3 b6 7. Bd3 Bb7 8. 0-0 Nbd7 9. h3 h6 10. Bh4 e5 11. Bc2 Qe7 12. Re1 e4 13. Nd2 g5 14. Bg3 Rae8 15. b4 Kh8 16. Nb5 Nb8 17. Nxa7 c6 18. b5 c5 19. Rb1 Ng8 20. Nc6 Nxc6 21. bxc6 Bxc6 22. Rxb6 Qc7 23. dxc5 Be5 24. Bxe5+ Rxe5 25. Qa1 Rfe8 26. Bxe4 Bxe4 27. Nxe4 dxc5 28. Reb1 f6 29. Nxf6 Nxf6 30. Rxf6 Qg7 31. Rbb6 1-0

[Event "Titled Tuesday intern op 01st Aug Early"]
[Site "Chess.com INT"]
[Date "2023.08.01"]
[Round "1"]
[White "Fudalej, Michal"]
[Black "Pastar, Slaven"]
[Result "0-1"]
[WhiteElo "2188"]
[BlackElo "2357"]
[PlyCount "110"]
[EventDate "2023.08.01"]
[EventType "swiss (blitz)"]
[EventRounds "11"]
[EventCountry "USA"]
[SourceTitle "EXT 2024"]
[Source "ChessBase"]
[SourceDate "2023.10.10"]
[SourceVersion "1"]
[SourceVersionDate "2023.10.10"]
[SourceQuality "1"]

1. Nf3 b6 2. c4 Bb7 3. g3 g6 4. Bg2 Bg7 5. Nc3 Nf6 6. 0-0 0-0 7. b3 Ne4 8. Bb2 Nxc3 9. Bxc3 Bxc3 10. dxc3 d6 11. Qd2 Kg7 12. Qd4+ e5 13. Nxe5 c5 14. Nxf7+ cxd4 15. Nxd8 Bxg2 16. Ne6+ Kf6 17. Nxf8 Bxf1 18. Kxf1 h6 19. Rd1 Kf7 20. Nh7 Nc6 21. cxd4 Kg7 22. d5 Ne5 23. h3 Kxh7 24. f4 Nd7 25. Kf2 a5 26. Kf3 Re8 27. e4 Nc5 28. Re1 Kg7 29. g4 Kf6 30. Re3 g5 31. a3 Nd7 32. Kg3 Rc8 33. h4 a4 34. hxg5+ hxg5 35. bxa4 Rxc4 36. fxg5+ Kxg5 37. Rf3 Rxe4 38. Rf5+ Kg6 39. Rf2 Rxa4 40. Rb2 Rxa3+ 41. Kh4 Ra4 42. Rc2 Nf6 43. Rc6 Rxg4+ 44. Kh3 Rb4 45. Rxd6 b5 46. Kg3 Kf5 47. Kf3 Rb1 48. Ke3 b4 49. Kd3 Ke5 50. Rd8 Nxd5 51. Kc2 Rh1 52. Kb3 Rh3+ 53. Kb2 Kd4 54. Rc8 Nb6 55. Kc2 Nxc8 0-1

[Event "Titled Tuesday intern op 27th Jun Early"]
[Site "Chess.com INT"]
[Date "2023.06.27"]
[Round "2"]
[White "Cesar Maestre, Bernardo"]
[Black "Fudalej, Michal"]
[Result "1-0"]
[WhiteElo "2357"]
[BlackElo "2188"]
[PlyCount "75"]
[EventDate "2023.06.27"]
[EventType "swiss (blitz)"]
[EventRounds "11"]
[EventCountry "USA"]
[SourceTitle "EXT 2024"]
[Source "ChessBase"]
[SourceDate "2023.10.10"]
[SourceVersion "1"]
[SourceVersionDate "2023.10.10"]
[SourceQuality "1"]

1. c4 e5 2. g3 Nc6 3. Bg2 g6 4. Nc3 Bg7 5. e3 d6 6. Nge2 Be6 7. b3 f5 8. d4 Bf7 9. 0-0 Nf6 10. Bb2 0-0 11. dxe5 dxe5 12. Rc1 Qe7 13. Qc2 Rad8 14. Rfd1 Rfe8 15. Nd5 Nxd5 16. cxd5 Nb4 17. Qxc7 Nxd5 18. Qa5 b6 19. Qa4 Rd7 20. e4 fxe4 21. Bxe4 Red8 22. Ba3 Qf6 23. Rc6 Nc3 24. Rxd7 Nxa4 25. Rxf6 Rxd7 26. Rxf7 Kxf7 27. bxa4 Rd2 28. Kf1 Rd1+ 29. Kg2 Rd2 30. Kf3 Ke6 31. Nc3 Bh6 32. Bb4 Rb2 33. Ba3 Rd2 34. Bc1 Rc2 35. Bxc2 Bxc1 36. Bb3+ Kf6 37. Ne4+ Kf5 38. g4# 1-0

[Event "Titled Tuesday intern op 27th Jun Early"]
[Site "Chess.com INT"]
[Date "2023.06.27"]
[Round "4"]
[White "Fudalej, Michal"]
[Black "Aggelis, Nikolaos"]
[Result "0-1"]
[WhiteElo "2188"]
[BlackElo "2270"]
[PlyCount "96"]
[EventDate "2023.06.27"]
[EventType "swiss (blitz)"]
[EventRounds "11"]
[EventCountry "USA"]
[SourceTitle "EXT 2024"]
[Source "ChessBase"]
[SourceDate "2023.10.10"]
[SourceVersion "1"]
[SourceVersionDate "2023.10.10"]
[SourceQuality "1"]

1. Nf3 f5 2. e4 fxe4 3. Ng5 e5 4. d3 Nf6 5. dxe4 h6 6. Nf3 Nc6 7. Bc4 Bb4+ 8. Bd2 Bxd2+ 9. Nbxd2 d6 10. 0-0 Bg4 11. h3 Bh5 12. c3 Qd7 13. Re1 Bf7 14. Qb3 Rb8 15. Nh4 Bxc4 16. Nxc4 Qf7 17. Nf5 0-0 18. Rad1 Kh7 19. f3 g6 20. Ng3 h5 21. h4 Nd7 22. Ne3 Qf4 23. Qe6 Nc5 24. Qh3 Ne7 25. Re2 Rbe8 26. Ngf1 Qf7 27. Nd5 Nxd5 28. Rxd5 Qe6 29. Qxe6 Rxe6 30. b3 Rg8 31. Ne3 Re7 32. Rd1 Ne6 33. g3 Rf7 34. Kg2 Rgf8 35. Red2 Rxf3 36. Nd5 R3f7 37. b4 Kg7 38. Ne3 Ra8 39. a4 a5 40. b5 Nc5 41. Nd5 Nxe4 42. Rd3 Nc5 43. Re3 Nxa4 44. Ra1 Nc5 45. b6 Ne6 46. bxc7 Nxc7 47. Nb6 Ra6 48. Nc4 Ne6 0-1